Fast Typing A to Z in Random Order - Statistics

General Stats
  • This quiz has been taken 37 times
  • The average score is 22 of 26
Answer Stats
Hint Answer % Correct
J J
96%
R R
96%
W W
96%
B B
93%
C C
93%
E E
93%
I I
93%
K K
93%
M M
93%
Y Y
93%
S S
89%
X X
89%
A A
86%
T T
86%
F F
82%
L L
82%
P P
82%
Z Z
82%
H H
79%
Q Q
79%
D D
75%
G G
71%
N N
71%
O O
71%
U U
68%
V V
68%
No matching quizzes found
Score Distribution
Percent of People with Each Score
Percentile by Number Answered
Your Score History
You have not taken this quiz